|
|
|
|
| LEADER |
01321nam a2200289 a 4500 |
| 001 |
4816095 |
| 008 |
890125s1989 enk b 101 0 eng d |
| 010 |
|
|
|a 89003582
|
| 020 |
|
|
|a 0415003628 (pbk.)
|
| 020 |
|
|
|a 041500361X (hard)
|
| 040 |
|
|
|a DLC
|c DLC
|d DLC
|d BD-DhAAL
|
| 082 |
0 |
0 |
|a 305.4/0973
|2 19
|
| 245 |
0 |
0 |
|a Current issues in women's history /
|c editors, Arina Angerman ... [et al.] ; language editor, Judy de Ville.
|
| 260 |
|
|
|a London ;
|a New York :
|b Routledge,
|c 1989.
|
| 300 |
|
|
|a 340 p. ;
|c 22 cm.
|
| 500 |
|
|
|a Papers presented at the International Conference on Women's History held in Amsterdam from 24-27 March 1986.
|
| 504 |
|
|
|a Includes bibliographical references and index.
|
| 541 |
1 |
|
|e 00004207
|
| 650 |
|
0 |
|a Women
|x History
|x Congresses.
|
| 650 |
|
0 |
|a Women
|x Historiography
|x Congresses.
|
| 650 |
|
0 |
|a Feminism
|x History
|x Congresses.
|
| 650 |
|
0 |
|a Sexism
|x History
|x Congresses.
|
| 700 |
1 |
|
|a Angerman, Arina,
|d 1954-
|
| 711 |
2 |
|
|a International Conference on Women's History
|d (1986 :
|c Amsterdam, Netherlands)
|
| 852 |
4 |
|
|a Ayesha Abed Library
|j General Shelf.
|
| 999 |
|
|
|c 6593
|d 6593
|
| 952 |
|
|
|0 0
|1 0
|2 ddc
|4 0
|6 305_409730000000000_CUR_1989
|7 0
|9 6706
|a BRACUL
|b BRACUL
|c GEN
|d 2009-12-31
|g 0.00
|l 2
|m 30
|o 305.40973 CUR
|p 3010004207
|r 2026-02-01
|s 2024-10-26
|t 1
|w 2009-12-31
|y BK
|x No price found in the accession register.
|